向康德學習請客吃飯
| 資料類型: | 圖書 | 書目號: | 52915 |
Leader xxxxxxxxxx 001 __ 102578/0/01 005 __ 20190417142302.723 010 0_ |a9789863870722|b平裝|d新臺幣280元 042 __ |anbim 100 __ |a20190417d2019 m y0chiy50 e 101 0_ |achi 102 __ |atw 105 __ |ay z 000cy 200 1_ |a向康德學習請客吃飯|f顏擇雅著 205 __ |a初版 210 __ |a新北市|cINK印刻文學|d2019[民108] 215 0_ |a263面|d21公分 225 12 |a印刻文學|v472 225 12 |a文學叢書|v472 606 __ |2cst|a散文 700 _1 |a顏|b擇雅|4著 681 __ |a855|b8254 801 _0 |atw|bLibDipper|c20190417|gCCR |